Music Quiz

Random Music or Artist Quiz

City, Country, Town or World Songs Quiz Stats

 Plays Quiz Updated Jun 7, 2017

Support Sporcle.
Go Orange.
Score 0/24 Timer 04:00
1 Play Today
Question Answer Wrong Answers
The Boys Are Back In _____
Thin Lizzy (1976)
Town
95%
City
0.6%
Country
0.2%
World
0.1%
Everybody Wants To Rule The _____
Tears For Fears (1985)
World
94.8%
City
0.4%
Country
0.4%
Town
0.2%
What A Wonderful _____
Louis Armstrong (1967)
World
94.7%
City
0.4%
Country
0.3%
Town
0.4%
Take Me Home, _____ Roads
John Denver (1971)
Country
94.2%
City
1%
Town
0.3%
World
0.2%
We Are The _____
USA for Africa (1985)
World
93.6%
City
0.7%
Country
1.3%
Town
0.3%
It's A Man's Man's Man's _____
James Brown And The Famous Flames (1966)
World
93.2%
City
0.6%
Country
1%
Town
0.9%
New Kid In _____
Eagles (1976)
Town
92.7%
City
2.5%
Country
0.4%
World
0.3%
The End Of The _____
Skeeter Davis (1962)
World
92.3%
City
1.1%
Country
1%
Town
1.2%
Thank God I'm A _____ Boy
John Denver (1975)
Country
91.3%
City
4%
Town
0.4%
World
0.1%
We Built This _____
Starship (1985)
City
90.3%
Country
1.7%
Town
2.5%
World
1.4%
Summer In The _____
The Lovin' Spoonful (1966)
City
88.4%
Country
6.2%
Town
0.8%
World
0.3%
Ruby, Don't Take Your Love To _____
Kenny Rogers & The First Edition (1969)
Town
88.3%
City
3.4%
Country
2.8%
World
0.8%
Paradise _____
Guns N' Roses (1988)
City
87%
Country
3.1%
Town
3.5%
World
2.2%
Hot Child In The _____
Nick Gilder (1978)
City
85.9%
Country
5.3%
Town
3%
World
1.3%
She's _____
Jason Aldean (2008)
Country
84.6%
City
4.5%
Town
1.7%
World
4.8%
Small _____
John Cougar Mellencamp (1985)
Town
76.1%
City
2.2%
Country
2.6%
World
14.8%
_____ Of Stars
Ryan Gosling & Emma Stone (2016)
City
75.5%
Country
4.2%
Town
2.4%
World
13.4%
_____ Girl (Shake It For Me)
Luke Bryan (2011)
Country
72.3%
City
22.1%
Town
0.8%
World
0.2%
Life In A Northern _____
The Dream Academy (1985)
Town
66.8%
City
17.2%
Country
10.3%
World
1.3%
Rock This _____
Stray Cats (1982)
Town
57%
City
28.7%
Country
1.8%
World
8.4%
Going Up The _____
Canned Heat (1968)
Country
54.1%
City
17.8%
Town
17.3%
World
6.1%
The _____ I Know
Collective Soul (1995)
World
53.1%
City
17.9%
Country
10%
Town
14.4%
Sweet _____ Woman
The Stampeders (1971)
City
46.5%
Country
46.6%
Town
2.1%
World
0.4%
In A Big _____
Big _____ (1983)
Country
42.8%
City
25.2%
Town
10%
World
17.9%

You're not logged in!

Compare scores with friends on all Sporcle quizzes.
OR
Log In
Forgot?

From the Vault

Picture Click Timeline: 20th C.

by Hejman

It's a timeline, done Sporcle-style.
Remove Ads.
Support Sporcle.
Get the best of Sporcle when you Go Orange. This ad-free experience offers more features, more stats, and more fun while also helping to support Sporcle. Thank you for becoming a member.

Show Comments

Extras

Top Quizzes Today


Score Distribution

Your Account Isn't Verified!

In order to create a playlist on Sporcle, you need to verify the email address you used during registration. Go to your Sporcle Settings to finish the process.

Report this User

Report this user for behavior that violates our Community Guidelines.

Details: